The Origins and Evolution of Islamic Law / (Record no. 14298)
[ view plain ]
| 000 -LEADER | |
|---|---|
| fixed length control field | 01475cam a22003374a 4500 |
| 001 - CONTROL NUMBER | |
| control field | 13563158 |
| 005 - DATE AND TIME OF LATEST TRANSACTION | |
| control field | 20070724123538.0 |
| 008 - FIXED-LENGTH DATA ELEMENTS--GENERAL INFORMATION | |
| fixed length control field | 040419s2005 enkb | b 001 0 eng d |
| 010 ## - LIBRARY OF CONGRESS CONTROL NUMBER | |
| LC control number | 2004049739 |
| 020 ## - INTERNATIONAL STANDARD BOOK NUMBER | |
| International Standard Book Number | 9780521803328 |
| 020 ## - INTERNATIONAL STANDARD BOOK NUMBER | |
| International Standard Book Number | 9780521005807 |
| 040 ## - CATALOGING SOURCE | |
| Original cataloging agency | DLC |
| Transcribing agency | DLC |
| Modifying agency | DLC |
| 042 ## - AUTHENTICATION CODE | |
| Authentication code | pcc |
| 043 ## - GEOGRAPHIC AREA CODE | |
| Geographic area code | aw----- |
| 050 00 - LIBRARY OF CONGRESS CALL NUMBER | |
| Classification number | KBP55 |
| Item number | .H35 2005 |
| 082 00 - DEWEY DECIMAL CLASSIFICATION NUMBER | |
| Classification number | 340.5909 |
| Edition number | 22 |
| Item number | HAL |
| 100 1# - MAIN ENTRY--PERSONAL NAME | |
| Personal name | Hallaq, Wael B., |
| Dates associated with a name | 1955- |
| 9 (RLIN) | 15504 |
| 245 14 - TITLE STATEMENT | |
| Title | The Origins and Evolution of Islamic Law / |
| Statement of responsibility, etc | Wael B. Hallaq. |
| 260 ## - PUBLICATION, DISTRIBUTION, ETC. (IMPRINT) | |
| Place of publication, distribution, etc | Cambridge, UK : |
| Name of publisher, distributor, etc | Cambridge University Press, |
| Date of publication, distribution, etc | c2005. |
| 300 ## - PHYSICAL DESCRIPTION | |
| Extent | 234 p. : |
| Other physical details | maps ; |
| Dimensions | 23 cm. |
| 490 #0 - Series Statement | |
| Series statement | Themes in Islamic law ; |
| -- | 1 |
| -- | 15505 |
| 504 ## - BIBLIOGRAPHY, ETC. NOTE | |
| Bibliography, etc | Includes bibliographical references and index. |
| 541 ## - IMMEDIATE SOURCE OF ACQUISITION NOTE | |
| Source of acquisition | Bacca ; |
| 650 #0 - SUBJECT ADDED ENTRY--TOPICAL TERM | |
| Topical term or geographic name as entry element | Islamic law |
| General subdivision | History |
| Chronological subdivision | To 1500. |
| 9 (RLIN) | 15506 |
| 856 41 - ELECTRONIC LOCATION AND ACCESS | |
| Materials specified | Table of contents |
| Uniform Resource Identifier | <a href="http://www.loc.gov/catdir/toc/cam051/2004049739.html">http://www.loc.gov/catdir/toc/cam051/2004049739.html</a> |
| 856 42 - ELECTRONIC LOCATION AND ACCESS | |
| Materials specified | Publisher description |
| Uniform Resource Identifier | <a href="http://www.loc.gov/catdir/description/cam041/2004049739.html">http://www.loc.gov/catdir/description/cam041/2004049739.html</a> |
| 856 42 - ELECTRONIC LOCATION AND ACCESS | |
| Materials specified | Contributor biographical information |
| Uniform Resource Identifier | <a href="http://www.loc.gov/catdir/enhancements/fy0732/2004049739-b.html">http://www.loc.gov/catdir/enhancements/fy0732/2004049739-b.html</a> |
| 942 ## - ADDED ENTRY ELEMENTS (KOHA) | |
| Source of classification or shelving scheme | Dewey Decimal Classification |
| Item type | Book - Borrowing |
| Withdrawn status | Item status | Source of classification or shelving scheme | Damaged status | Not for loan | Vendor | Home library | Current library | Shelving location | Date acquired | Source of acquisition | Cost, normal purchase price | Serial Enumeration / chronology | Total Checkouts | Total Renewals | Full call number | Barcode | Date last seen | Date last borrowed | Koha item type |
|---|---|---|---|---|---|---|---|---|---|---|---|---|---|---|---|---|---|---|---|
| Dewey Decimal Classification | Baccah | Central Library | Central Library | First floor | 30/06/2010 | 150.00 | 10485 | 4 | 15 | 340.5909 HAL | 000021138 | 15/07/2025 | 13/10/2020 | Book - Borrowing |